00630 2200217 4500001002100000005001700021008004100038035002500079040001200104082001000116084001400126245011700140250001100257260002800268300003300296500003100329650001800360850001200378990001000390990001200400YOGYA-0209000005416920150710083450.0 ind  a0010-020900000054169 aYOPDYOG a745.5 a745.5 Ket aKETRAMPILAN TRIPLEKS :bUntuk anak-anak sekolah, guru-guru Sekolah, para penggemar tua maupau muda, dan usahawan aCet. 2 aSemarangbMANDIRAc1985 a...Jil. 1 :bilus. ;c21 cm. aYang diterima : jilid satu aSeni Sungging aYOPDYOG a203-P a27498-p